Every Call of Duty Black Ops 1 Map (With Pictures) - Statistics

General Stats
  • This quiz has been taken 460 times
    446 since last reset
  • The average score is 9 of 14
Answer Stats
Picture Answer % Correct
Nuketown
90%
Firing Range
88%
Jungle
82%
Summit
81%
Launch
74%
Array
73%
WMD
71%
Hanoi
66%
Havana
66%
Villa
54%
Grid
48%
Radiation
48%
Cracked
47%
Crisis
36%
No matching quizzes found
Score Distribution
Percent of People with Each Score
Percentile by Number Answered
Your Score History
You have not taken this quiz since the last reset